[Event "London Chess Classic Women"]
[Site "London ENG"]
[Date "2010.12.08"]
[Round "1"]
[White "Hegarty, Sarah N"]
[Black "Fairley, Natasha"]
[Result "1-0"]
[WhiteTitle "WFM"]
[BlackTitle "WFM"]
[WhiteElo "2080"]
[BlackElo "1785"]
[WhiteFideId "2501465"]
[BlackFideId "4301439"]
[EventDate "2010.12.08"]

1. e4 e5 2. Bc4 Nc6 3. Nf3 Bc5 4. d3 h6 5. O-O d6 6. c3 Qf6 7. Be3 Bb6 8. Nbd2
Nge7 9. Re1 O-O 10. h3 Be6 11. Nh2 Qg6 12. Bxe6 fxe6 13. Nc4 Bxe3 14. Rxe3 Rf4
15. Rg3 Qf7 16. Ng4 Kh7 17. Qe2 Rf8 18. Rf1 b6 19. b4 a5 20. b5 h5 21. Nh2 Nd8
22. Nf3 Qf6 23. Ng5+ Kh6 24. Ne3 Nf7 25. Nf3 Ng6 26. Nh2 Ne7 27. Rf3 Qg6 28. Rg3
Ng5 29. Kh1 Kh7 30. Nf3 Rxf3 31. gxf3 h4 32. Rg4 Qh6 33. Rfg1 Nxf3 34. Rxg7+ Kh8
35. Rxe7 Nxg1 36. Kxg1 Rg8+ 37. Ng4 Qc1+ 38. Qf1 Qxc3 39. Kh1 Qb2 40. Nf6 1-0

[Event "London Chess Classic Women"]
[Site "London ENG"]
[Date "2010.12.08"]
[Round "1"]
[White "Hoare, Amy"]
[Black "Norinkeviciute, Rasa"]
[Result "1/2-1/2"]
[BlackTitle "WFM"]
[WhiteElo "1921"]
[BlackElo "2028"]
[WhiteFideId "418366"]
[BlackFideId "12801925"]
[EventDate "2010.12.08"]

1. e4 c5 2. c3 d6 3. d4 Nf6 4. Bd3 g6 5. Nf3 Bg7 6. O-O O-O 7. h3 h6 8. Be3 Qc7
9. Qd2 Kh7 10. Na3 a6 11. dxc5 dxc5 12. Bf4 Qc6 13. Ne5 Qe8 14. Rad1 Nbd7 15.
Nxd7 Nxd7 16. Be3 b5 17. f4 e5 18. f5 Qe7 19. g4 g5 20. Qf2 Bf6 21. Qd2 Bg7 22.
Qf2 Bf6 23. Qd2 Bg7 24. Qf2 Bf6 1/2-1/2

[Event "London Chess Classic Women"]
[Site "London ENG"]
[Date "2010.12.08"]
[Round "1"]
[White "Oliver, Shannon"]
[Black "Lalic, Susan K"]
[Result "1-0"]
[WhiteTitle "WFM"]
[BlackTitle "IM"]
[WhiteElo "1926"]
[BlackElo "2294"]
[WhiteFideId "3204413"]
[BlackFideId "401510"]
[EventDate "2010.12.08"]

1. e4 c5 2. c3 e6 3. d4 d5 4. exd5 exd5 5. Nf3 Nc6 6. Be3 Qb6 7. Qb3 c4 8. Qxb6
axb6 9. Nbd2 b5 10. Be2 b4 11. O-O bxc3 12. bxc3 Bd6 13. Rfb1 Nge7 14. Ne1 O-O
15. a4 f5 16. g3 f4 17. Bxf4 Bxf4 18. gxf4 Ng6 19. Ng2 Nce7 20. Nf3 Ra6 21. Ne5
Raf6 22. Bg4 Nxf4 23. Nxf4 Bxg4 24. Rxb7 Rxf4 25. Rxe7 Be2 26. Rb1 R4f5 27. Rbb7
Rg5+ 28. Kh1 h6 29. h4 Bf3+ 30. Nxf3 Rg4 31. Ne5 1-0

[Event "London Chess Classic Women"]
[Site "London ENG"]
[Date "2010.12.08"]
[Round "1"]
[White "Ikonomopoulou, Maria"]
[Black "Van Weersel, Arlette"]
[Result "0-1"]
[WhiteTitle "WFM"]
[BlackTitle "WIM"]
[WhiteElo "2160"]
[BlackElo "2186"]
[WhiteFideId "4209958"]
[BlackFideId "1009877"]
[EventDate "2010.12.08"]

1. e4 e5 2. Nf3 Nc6 3. Bb5 a6 4. Ba4 Nf6 5. O-O Be7 6. Re1 b5 7. Bb3 d6 8. c3
O-O 9. h3 Na5 10. Bc2 c5 11. d4 Qc7 12. Nbd2 Nc6 13. d5 Nd8 14. a4 Rb8 15. axb5
axb5 16. b4 c4 17. Nf1 Ne8 18. N3h2 f6 19. f4 Nf7 20. Nf3 g6 21. f5 Ng7 22. g4
Bd7 23. Be3 Ra8 24. Qd2 Qb7 25. Rac1 Ra2 26. Ng3 Rfa8 27. h4 Bd8 28. Kh1 R8a3
29. Rg1 Bb6 30. Bxb6 Qxb6 31. Rcf1 Qd8 32. g5 fxg5 33. fxg6 hxg6 34. hxg5 Bg4
35. Nh2 Bh3 36. Rf6 Nh8 37. Rf3 Rb3 38. Nhf1 Bxf1 39. Nxf1 Rbb2 40. Ne3 Nh5 41.
Qh2 Nf4 42. Rf2 Nd3 43. Rd2 Qf8 44. Rf1 Nf4 45. Ng4 Qg7 46. Nf6+ Kf8 0-1

[Event "London Chess Classic Women"]
[Site "London ENG"]
[Date "2010.12.09"]
[Round "2"]
[White "Fairley, Natasha"]
[Black "Messam-Sparks, Lateefah"]
[Result "1/2-1/2"]
[WhiteTitle "WFM"]
[WhiteElo "1785"]
[BlackElo "1917"]
[WhiteFideId "4301439"]
[BlackFideId "470813"]
[EventDate "2010.12.09"]

1. e4 c5 2. Bc4 e6 3. Nc3 a6 4. a4 Nc6 5. d3 Be7 6. Nf3 d6 7. O-O Nf6 8. Bg5 h6
9. Bxf6 Bxf6 10. Re1 O-O 11. Bb3 Rb8 12. Rb1 b5 13. Qc1 Bd7 14. axb5 axb5 15.
Ne2 Na5 16. Nd2 Nxb3 17. Nxb3 Qc7 18. Nd2 d5 19. Qd1 Bc6 20. Ng3 c4 21. Nf3 dxe4
22. Nxe4 Bxe4 23. dxe4 Rfd8 24. Qe2 b4 25. e5 Be7 26. Red1 c3 27. Rxd8+ Rxd8 28.
b3 Qc5 29. Rd1 Ra8 30. h3 Qc6 31. Ne1 Qb6 32. Nf3 Rd8 33. Rxd8+ Qxd8 34. Kf1 Bg5
35. Ke1 Be7 36. Qd1 Qa5 37. Qd7 Bf8 38. Ke2 Qa8 39. Qd4 Qc6 40. Ne1 Qb7 1/2-1/2

[Event "London Chess Classic Women"]
[Site "London ENG"]
[Date "2010.12.09"]
[Round "2"]
[White "Van Weersel, Arlette"]
[Black "Steil-Antoni, Fiona"]
[Result "1-0"]
[WhiteTitle "WIM"]
[BlackTitle "WIM"]
[WhiteElo "2186"]
[BlackElo "2147"]
[WhiteFideId "1009877"]
[BlackFideId "4001249"]
[EventDate "2010.12.09"]

1. e4 e6 2. d4 d5 3. Nc3 Bb4 4. e5 c5 5. a3 Bxc3+ 6. bxc3 Ne7 7. Qg4 Qc7 8. Qxg7
Rg8 9. Qxh7 cxd4 10. Ne2 Nbc6 11. f4 Bd7 12. Qd3 dxc3 13. Be3 Nf5 14. Bd4 f6 15.
Qxc3 Nfxd4 16. Nxd4 Qb8 17. Nb5 fxe5 18. fxe5 Rg5 19. Be2 Rxe5 20. O-O Kd8 21.
Rf8+ Be8 22. Qf3 Kd7 23. c4 a6 24. cxd5 axb5 25. dxc6+ bxc6 26. Qd3+ Qd6 27.
Qh7+ Qe7 28. Rd1+ Rd5 29. Rxd5+ exd5 30. Qf5+ Kd8 31. Bh5 Qe1+ 32. Qf1 Qxf1+ 33.
Kxf1 Ke7 34. Rh8 Rc8 35. Ke1 Bd7 36. Rxc8 Bxc8 37. g4 c5 38. g5 d4 39. Bg6 Bd7
40. h4 Kf8 41. h5 Kg7 42. Be4 Be6 43. Bc6 Bc4 44. Kd2 Kh8 45. h6 Kh7 46. Be4+
Kh8 47. g6 Kg8 48. Bd3 Bxd3 49. Kxd3 Kf8 50. Ke4 Kg8 51. Kf5 d3 52. Kf6 1-0

[Event "London Chess Classic Women"]
[Site "London ENG"]
[Date "2010.12.09"]
[Round "2"]
[White "Lalic, Susan K"]
[Black "Ikonomopoulou, Maria"]
[Result "1-0"]
[WhiteTitle "IM"]
[BlackTitle "WFM"]
[WhiteElo "2294"]
[BlackElo "2160"]
[WhiteFideId "401510"]
[BlackFideId "4209958"]
[EventDate "2010.12.09"]

1. e4 e5 2. Nf3 Nc6 3. Nc3 Nf6 4. d4 exd4 5. Nxd4 Bb4 6. Nxc6 bxc6 7. Bd3 d5 8.
exd5 cxd5 9. O-O O-O 10. Bg5 c6 11. Qf3 Be7 12. h3 Re8 13. Rfe1 h6 14. Bf4 Be6
15. Ne2 c5 16. c3 Qb6 17. b3 a5 18. Bc2 Rac8 19. Qg3 Kh8 20. Be5 Qc6 21. Nf4 c4
22. Re3 Rg8 23. Bxf6 Bxf6 24. Rxe6 Qc5 25. Ng6+ Kh7 26. Ne5+ 1-0

[Event "London Chess Classic Women"]
[Site "London ENG"]
[Date "2010.12.09"]
[Round "2"]
[White "Norinkeviciute, Rasa"]
[Black "Oliver, Shannon"]
[Result "1-0"]
[WhiteTitle "WFM"]
[BlackTitle "WFM"]
[WhiteElo "2028"]
[BlackElo "1926"]
[WhiteFideId "12801925"]
[BlackFideId "3204413"]
[EventDate "2010.12.09"]

1. c4 Nf6 2. g3 g6 3. Bg2 Bg7 4. Nc3 d6 5. d3 O-O 6. e4 e5 7. Nge2 c6 8. O-O Bg4
9. Be3 Qd7 10. Qd2 Bh3 11. d4 Bxg2 12. Kxg2 Re8 13. f3 Qe6 14. d5 cxd5 15. cxd5
Qe7 16. Rfc1 a6 17. Na4 Nbd7 18. Rc7 b5 19. Nb6 Rab8 20. Ra7 Qd8 21. Nxd7 Nxd7
22. Rxa6 Nb6 23. b3 f5 24. Qa5 Na8 25. Qxd8 Rexd8 26. Rc1 Bf8 27. Rcc6 Rbc8 28.
Bd2 Rxc6 29. Rxc6 Rd7 30. Ba5 Ra7 31. b4 Rb7 32. Nc3 f4 33. Kf2 h5 34. a4 bxa4
35. Nxa4 fxg3+ 36. Kxg3 g5 37. Nb2 Kf7 38. Nc4 Rd7 39. Rc8 Ra7 40. Rc6 Rd7 41.
b5 Be7 42. b6 Nxb6 43. Bxb6 1-0

[Event "London Chess Classic Women"]
[Site "London ENG"]
[Date "2010.12.09"]
[Round "2"]
[White "Hegarty, Sarah N"]
[Black "Hoare, Amy"]
[Result "1-0"]
[WhiteTitle "WFM"]
[WhiteElo "2080"]
[BlackElo "1921"]
[WhiteFideId "2501465"]
[BlackFideId "418366"]
[EventDate "2010.12.09"]

1. e4 e5 2. Nf3 Nc6 3. Bb5 a6 4. Ba4 Nf6 5. O-O b5 6. Bb3 Bc5 7. a4 Rb8 8. axb5
axb5 9. Nxe5 Nxe5 10. d4 Bxd4 11. Qxd4 d6 12. f4 c5 13. Qd2 Ng6 14. e5 dxe5 15.
Qxd8+ Kxd8 16. fxe5 Nxe5 17. Bf4 Nfd7 18. Bxf7 Rb6 19. Ra7 Bb7 20. Bg5+ Kc8 21.
Nc3 h6 22. Bh4 g5 23. Bg3 Nxf7 24. Rxf7 Re8 25. Nd5 Rbe6 26. Nc7 R8e7 27. Rxe7
Rxe7 28. Nxb5 Nf6 29. Nd6+ Kb8 30. Ra5 Re2 31. Ne4+ Kc8 32. Rxc5+ Kd8 33. Nxf6
Rxg2+ 34. Kf1 Ke7 35. Ng4 Bf3 36. Nxh6 Rd2 37. Nf5+ Kf6 38. Ne3 g4 39. b4 Rd6 1-0

[Event "London Chess Classic Women"]
[Site "London ENG"]
[Date "2010.12.10"]
[Round "3"]
[White "Hoare, Amy"]
[Black "Fairley, Natasha"]
[Result "1/2-1/2"]
[BlackTitle "WFM"]
[WhiteElo "1921"]
[BlackElo "1785"]
[WhiteFideId "418366"]
[BlackFideId "4301439"]
[EventDate "2010.12.08"]

1. e4 e5 2. Bc4 Bc5 3. Nc3 Nc6 4. Qg4 Bf8 5. Qg3 d6 6. d3 h6 7. f4 Nd4 8. Qf2
Be6 9. Bxe6 Nxe6 10. f5 Nd4 11. Be3 c5 12. Nf3 Nf6 13. h3 Rc8 14. g4 Qa5 15. O-O
Be7 16. Qg2 Kd7 17. Nd1 Qa4 18. b3 Qa5 19. Bd2 Qa6 20. Be3 Nh7 21. Nc3 Nf6 22.
h4 Qa5 23. Nd1 Nh7 24. Bxd4 cxd4 25. Nb2 Qd8 26. Qh2 Nf6 27. Qg2 h5 28. g5 Ng4
29. Nd1 f6 30. g6 Qa5 31. Nh2 Nh6 32. a4 Qc5 33. Rc1 Qa5 34. Nb2 Bd8 35. Nc4 Qc5
36. Ra1 Ba5 37. Qe2 Ng8 38. Nf3 Ne7 39. Nxa5 Qxa5 40. Rfc1 Rc3 41. Nd2 d5 42.
Qe1 Qc7 43. Qd1 a5 44. Nb1 Rc6 45. Na3 dxe4 46. dxe4 Rc5 47. Nb5 Qb6 48. Qe2 Nc6
49. Kg2 Na7 50. Na3 Qb4 51. Nc4 Nc8 52. Qd3 Ke7 53. Rd1 Rd8 54. Qe2 Rh8 55. Qd3
Rd8 1/2-1/2

[Event "London Chess Classic Women"]
[Site "London ENG"]
[Date "2010.12.10"]
[Round "3"]
[White "Oliver, Shannon"]
[Black "Hegarty, Sarah N"]
[Result "0-1"]
[WhiteTitle "WFM"]
[BlackTitle "WFM"]
[WhiteElo "1926"]
[BlackElo "2080"]
[WhiteFideId "3204413"]
[BlackFideId "2501465"]
[EventDate "2010.12.08"]

1. e4 c5 2. Nf3 Nc6 3. d4 cxd4 4. Nxd4 g6 5. c4 Bg7 6. Be3 Nf6 7. Nc3 Ng4 8.
Qxg4 Nxd4 9. Qd1 Ne6 10. Qd2 Qa5 11. Rc1 b6 12. Be2 Bb7 13. f3 g5 14. a3 h5 15.
Rc2 Rc8 16. Nb5 Qxd2+ 17. Rxd2 Ra8 18. O-O d6 19. b4 O-O 20. Rc1 Rfd8 21. Nc3
Rac8 22. Nd5 Kf8 23. Rcc2 Be5 24. g3 Bg7 25. Kg2 Bc6 26. Nc3 Bf6 27. Kf1 Bd7 28.
Kg2 Bc6 29. Kf1 Nc7 30. c5 dxc5 31. Rxd8+ Rxd8 32. bxc5 b5 33. Na2 a5 34. Bd2 b4
35. Nxb4 axb4 36. axb4 Nb5 37. Ra2 Nd4 38. Bd1 Bb5+ 39. Kf2 Bc4 40. Ra5 Nc6 0-1

[Event "London Chess Classic Women"]
[Site "London ENG"]
[Date "2010.12.10"]
[Round "3"]
[White "Ikonomopoulou, Maria"]
[Black "Norinkeviciute, Rasa"]
[Result "1-0"]
[WhiteTitle "WFM"]
[BlackTitle "WFM"]
[WhiteElo "2160"]
[BlackElo "2028"]
[WhiteFideId "4209958"]
[BlackFideId "12801925"]
[EventDate "2010.12.08"]

1. e4 c5 2. Nf3 d6 3. d4 cxd4 4. Nxd4 Nf6 5. Nc3 a6 6. Bc4 e6 7. Bb3 b5 8. Be3
Be7 9. f4 Qc7 10. O-O Nc6 11. e5 Nxd4 12. Bxd4 Nd7 13. exd6 Bxd6 14. f5 Nc5 15.
Qg4 Nxb3 16. Qxg7 Nxd4 17. Qxh8+ Bf8 18. Ne4 Nxf5 19. Rxf5 Qa7+ 20. Rf2 Qe3 21.
Nf6+ Ke7 22. Nxh7 Bb7 23. Qf6+ Kd7 24. Qxf7+ Be7 25. Rd1+ Bd5 26. Nf6+ Kd6 27.
Nxd5 1-0

[Event "London Chess Classic Women"]
[Site "London ENG"]
[Date "2010.12.10"]
[Round "3"]
[White "Messam-Sparks, Lateefah"]
[Black "Van Weersel, Arlette"]
[Result "0-1"]
[BlackTitle "WIM"]
[WhiteElo "1917"]
[BlackElo "2186"]
[WhiteFideId "470813"]
[BlackFideId "1009877"]
[EventDate "2010.12.08"]

1. d4 Nf6 2. c4 e6 3. Nc3 Bb4 4. Qc2 O-O 5. a3 Bxc3+ 6. Qxc3 Ne4 7. Qc2 f5 8.
Nf3 b6 9. g3 Bb7 10. Bg2 Nf6 11. O-O Be4 12. Qc3 Qe8 13. Bf4 d6 14. Nd2 Bxg2 15.
Kxg2 Nbd7 16. Bg5 e5 17. Bxf6 Nxf6 18. Rae1 e4 19. e3 Qh5 20. f3 Rae8 21. fxe4
Nxe4 22. Qc2 Rf6 23. Nxe4 Rxe4 24. Rf4 Rh6 25. Kg1 Rhe6 26. Qf2 Rxf4 27. exf4
Qe8 28. Kf1 Re4 29. b3 Kf7 30. Re2 c6 31. Qf3 g6 32. Rxe4 fxe4 33. Qe3 d5 34.
Qc3 Qd7 35. Kg2 h5 36. h3 b5 37. c5 Qc7 38. Kf2 Kg7 39. Kg2 Kf6 40. Qd2 Qd7 41.
Qe2 Qe6 42. Qe3 Qc8 43. Qd2 Qa6 44. Qb4 Kf5 45. Kf2 Ke6 46. Kg2 Kf6 47. Kh2 Kf5
48. Kg2 h4 49. Kf2 hxg3+ 50. Kxg3 Qc8 51. Qd2 Kf6 52. Qe2 Qf5 53. h4 Qh5 54. Qe3
Kf5 0-1

[Event "London Chess Classic Women"]
[Site "London ENG"]
[Date "2010.12.11"]
[Round "4"]
[White "Fairley, Natasha"]
[Black "Van Weersel, Arlette"]
[Result "0-1"]
[WhiteTitle "WFM"]
[BlackTitle "WIM"]
[WhiteElo "1785"]
[BlackElo "2186"]
[WhiteFideId "4301439"]
[BlackFideId "1009877"]
[EventDate "2010.12.08"]

1. e4 e5 2. Nf3 Nc6 3. Bb5 a6 4. Ba4 Nf6 5. d3 d6 6. h3 b5 7. Bb3 Na5 8. Nc3 c6
9. O-O Be7 10. Ne2 O-O 11. Ng3 Re8 12. Re1 h6 13. Bd2 Nxb3 14. axb3 Qc7 15. c4
Bf8 16. Qc1 Rb8 17. Nh4 Kh7 18. Nhf5 Ng8 19. Ra2 Qd7 20. Kh1 d5 21. Be3 g6 22.
Nh4 Bg7 23. Bd2 Bb7 24. Ra1 dxe4 25. dxe4 c5 26. Be3 Rbc8 27. Rd1 Qc6 28. Rd5
Qf6 29. Rd7 Re7 30. Rxe7 Qxe7 31. Nf3 Nf6 32. Nd2 Nd7 33. Qc2 Qe6 34. Kh2 Qc6
35. f3 Nf8 36. cxb5 axb5 37. Ra7 Qb6 38. Ra1 Ne6 39. Qd1 Qd6 40. Rc1 Nd4 41. Kh1
Rd8 42. Qf1 Ba6 43. Ra1 Nc2 44. Bxc5 Qxc5 45. Rxa6 Rxd2 46. Ne2 Nb4 47. Ra5 Nc6
48. Ra6 Qc2 49. Ng1 Nd4 50. Kh2 Rf2 0-1

[Event "London Chess Classic Women"]
[Site "London ENG"]
[Date "2010.12.11"]
[Round "4"]
[White "Lalic, Susan K"]
[Black "Messam-Sparks, Lateefah"]
[Result "1-0"]
[WhiteTitle "IM"]
[WhiteElo "2294"]
[BlackElo "1917"]
[WhiteFideId "401510"]
[BlackFideId "470813"]
[EventDate "2010.12.08"]

1. e4 c5 2. Nc3 d6 3. f4 Nc6 4. Nf3 e6 5. d3 Be7 6. Be2 Nf6 7. O-O O-O 8. Qe1
Rb8 9. Qg3 b5 10. e5 Ne8 11. Ne4 f5 12. exd6 Bxd6 13. Nxd6 Qxd6 14. b3 Nd4 15.
Nxd4 cxd4 16. Bb2 Nf6 17. Qf2 Rd8 18. h3 b4 19. a3 a5 20. axb4 axb4 21. Ra7 Bb7
22. Rfa1 Qc5 23. Bd1 Ne8 24. Kh2 Qd6 25. Qg3 Nc7 26. Bf3 Bxf3 27. Qxf3 e5 28.
Bc1 Rdc8 29. fxe5 Qxe5+ 30. Bf4 Qc5 31. Qg3 1-0

[Event "London Chess Classic Women"]
[Site "London ENG"]
[Date "2010.12.11"]
[Round "4"]
[White "Norinkeviciute, Rasa"]
[Black "Steil-Antoni, Fiona"]
[Result "0-1"]
[WhiteTitle "WFM"]
[BlackTitle "WIM"]
[WhiteElo "2028"]
[BlackElo "2147"]
[WhiteFideId "12801925"]
[BlackFideId "4001249"]
[EventDate "2010.12.08"]

1. c4 Nf6 2. g3 c6 3. Bg2 d5 4. Nf3 dxc4 5. O-O Be6 6. Ng5 Bd5 7. e4 h6 8. exd5
hxg5 9. dxc6 Nxc6 10. Qa4 Qd7 11. Qxc4 Rc8 12. Nc3 Nd4 13. Qa4 Ne2+ 14. Kh1 Qxa4
15. Nxa4 Ng4 16. h3 Rxc1 17. Raxc1 Nxc1 18. Rxc1 Nxf2+ 19. Kg1 Nd3 20. Rc8+ Kd7
21. Rb8 e5 22. Rxb7+ Ke6 23. Rxa7 Bd6 24. Rb7 f5 25. Rxg7 e4 26. Rg6+ Ke7 27.
Rg7+ Kf6 28. Rb7 Bxg3 29. Nc3 Nf4 30. Rb6+ Kg7 31. Rb7+ Kg6 32. Rb6+ Kh5 33. Rb5
Rd8 34. Rxf5 Rxd2 35. Nxe4 Rxg2+ 36. Kf1 Bh2 37. Nf6+ Kg6 38. Rxf4 Rg1+ 39. Kf2
gxf4 40. Ng4 Rb1 41. Nxh2 Rxb2+ 42. Kg1 Rxa2 43. Ng4 Kg5 44. Nf2 f3 45. Ng4 Kf4
46. Nf2 Kg3 0-1

[Event "London Chess Classic Women"]
[Site "London ENG"]
[Date "2010.12.11"]
[Round "4"]
[White "Hegarty, Sarah N"]
[Black "Ikonomopoulou, Maria"]
[Result "1/2-1/2"]
[WhiteTitle "WFM"]
[BlackTitle "WFM"]
[WhiteElo "2080"]
[BlackElo "2160"]
[WhiteFideId "2501465"]
[BlackFideId "4209958"]
[EventDate "2010.12.08"]

1. e4 c5 2. Nf3 d6 3. d4 cxd4 4. Nxd4 Nf6 5. Nc3 a6 6. Bd3 e5 7. Nb3 Be7 8. O-O
O-O 9. h3 b5 10. Ne2 Bb7 11. Ng3 d5 12. exd5 Bxd5 13. Nf5 e4 14. Be2 Nc6 15. Bg5
Be6 16. Qxd8 Bxd8 17. Nfd4 Nxd4 18. Nxd4 Bd7 19. c4 bxc4 20. Bxc4 Re8 21. Rac1
h6 22. Be3 Rb8 23. Rc2 a5 24. Rd1 Bb6 25. b3 Red8 26. Rcd2 a4 27. Bf4 Rbc8 28.
Be5 Ne8 29. Ba6 Rc5 30. Bf4 Ba5 31. Rc2 Rxc2 32. Nxc2 axb3 33. axb3 Nf6 34. Be5
Bc6 35. Rxd8+ Bxd8 36. b4 Nd7 37. Bd4 Bb6 38. Bxb6 Nxb6 39. Nd4 Bd5 40. Kf1 Kf8
41. Ke2 g6 42. Ke3 Ke7 43. Nc2 Kd6 44. Kd4 f5 45. Ne3 Bc6 46. g3 Bd7 47. Nc4+
Nxc4 48. Bxc4 g5 49. h4 Bc6 50. hxg5 hxg5 51. b5 Bb7 52. Be2 1/2-1/2

[Event "London Chess Classic Women"]
[Site "London ENG"]
[Date "2010.12.11"]
[Round "4"]
[White "Hoare, Amy"]
[Black "Oliver, Shannon"]
[Result "1-0"]
[BlackTitle "WFM"]
[WhiteElo "1921"]
[BlackElo "1926"]
[WhiteFideId "418366"]
[BlackFideId "3204413"]
[EventDate "2010.12.08"]

1. e4 c5 2. c3 d5 3. exd5 Qxd5 4. d4 g6 5. Nf3 Bg7 6. Be2 cxd4 7. cxd4 Nf6 8.
O-O O-O 9. Nc3 Qa5 10. Qb3 Nbd7 11. Rd1 Qb6 12. Qa3 Qd8 13. d5 Nb6 14. Qb3 Nbd7
15. Bf4 Nc5 16. Qc4 b6 17. Nb5 Ba6 18. Qc2 e6 19. d6 Nd5 20. Bg3 Bh6 21. a3 Bf4
22. Nc7 Bxe2 23. Qxe2 Bxg3 24. hxg3 Nxc7 25. dxc7 Qxc7 26. Rac1 Qb7 27. b4 Ne4
28. Rd4 Nf6 29. Qe5 Nd5 30. Ng5 Rad8 31. Ne4 Qb8 32. Qg5 Kg7 33. g4 Qf4 34. Rxd5
Qxg5 35. Rxg5 f6 36. Rb5 Rf7 37. Rc6 Rd1+ 38. Kh2 e5 39. Nd6 Rd7 40. Ne4 f5 41.
Nf6 Re7 42. Nd5 Rd7 43. Ne3 R1d2 44. gxf5 Rxf2 45. Rxe5 gxf5 46. Nxf5+ Kf7 47.
Nh6+ Kf8 48. Rc8+ Kg7 49. Re6 Rf8 50. Rc4 Rf6 51. Rg4+ Rg6 52. Rgxg6+ hxg6 53.
Ng4 Rc7 54. Ne5 Rc3 55. Rxg6+ Kh7 56. Rg3 1-0

[Event "London Chess Classic Women"]
[Site "London ENG"]
[Date "2010.12.12"]
[Round "5"]
[White "Oliver, Shannon"]
[Black "Fairley, Natasha"]
[Result "1/2-1/2"]
[WhiteTitle "WFM"]
[BlackTitle "WFM"]
[WhiteElo "1926"]
[BlackElo "1785"]
[WhiteFideId "3204413"]
[BlackFideId "4301439"]
[EventDate "2010.12.08"]

1. e4 e5 2. Nf3 Nc6 3. d4 exd4 4. Nxd4 Bc5 5. Be3 Bb6 6. Nf5 Qf6 7. Bxb6 axb6 8.
Nc3 Nge7 9. Nxe7 Nxe7 10. Bc4 O-O 11. O-O c6 12. f4 d6 13. Bd3 Ng6 14. Qd2 Qd4+
15. Qf2 Qxf2+ 16. Rxf2 f5 17. g3 fxe4 18. Nxe4 d5 19. Ng5 Bf5 20. Bxf5 Rxf5 21.
Re2 h6 22. Nf3 Rff8 23. a3 Rae8 24. Rae1 Kf7 25. Ne5+ Nxe5 26. Rxe5 Rxe5 27.
Rxe5 Kf6 28. Re2 Rf7 29. g4 d4 30. Kf2 c5 31. h4 g6 32. Kf3 Rd7 33. a4 1/2-1/2

[Event "London Chess Classic Women"]
[Site "London ENG"]
[Date "2010.12.12"]
[Round "5"]
[White "Steil-Antoni, Fiona"]
[Black "Hegarty, Sarah N"]
[Result "1/2-1/2"]
[WhiteTitle "WIM"]
[BlackTitle "WFM"]
[WhiteElo "2147"]
[BlackElo "2080"]
[WhiteFideId "4001249"]
[BlackFideId "2501465"]
[EventDate "2010.12.08"]

1. e4 Nf6 2. Nc3 d5 3. e5 Ne4 4. Nce2 d4 5. d3 Nc5 6. f4 Nc6 7. Nf3 Bg4 8. Ng3
h5 9. h3 Bxf3 10. Qxf3 h4 11. Ne4 Nxe4 12. dxe4 e6 13. Bd2 Bc5 14. O-O-O Qe7 15.
Qb3 Bb6 16. Bb5 Qc5 17. a4 O-O-O 18. Bxc6 Qxc6 19. a5 Bc5 20. Qc4 Be7 21. Qxc6
bxc6 22. Rhf1 Rh5 23. Rf3 f6 24. exf6 gxf6 25. Be1 c5 26. Rfd3 1/2-1/2

[Event "London Chess Classic Women"]
[Site "London ENG"]
[Date "2010.12.12"]
[Round "5"]
[White "Messam-Sparks, Lateefah"]
[Black "Norinkeviciute, Rasa"]
[Result "1/2-1/2"]
[BlackTitle "WFM"]
[WhiteElo "1917"]
[BlackElo "2028"]
[WhiteFideId "470813"]
[BlackFideId "12801925"]
[EventDate "2010.12.08"]

1. e4 c5 2. Nf3 d6 3. Nc3 a6 4. a4 e6 5. d3 g6 6. g3 Bg7 7. Bg2 Nc6 8. Bd2 Rb8
9. Rb1 b5 10. axb5 axb5 11. Ne2 b4 12. c4 Nge7 13. Be3 O-O 14. Qd2 Re8 15. Bh6
Bh8 16. h4 d5 17. Qe3 dxe4 18. dxe4 Nd4 19. Nexd4 cxd4 20. Qf4 Nc6 21. Ng5 f6
22. h5 fxg5 23. Bxg5 Ne5 24. Bxd8 Nd3+ 25. Kf1 Nxf4 26. Bc7 Nxg2 27. Bxb8 Bb7
28. hxg6 Rxb8 29. gxh7+ Kf7 30. Ra1 Bxe4 31. Rh2 d3 32. Ra7+ Kg6 33. Ra6 Kf7 34.
Ra7+ Rb7 35. Ra8 d2 36. Ke2 Rd7 37. Ra1 Bxb2 38. h8=Q Bxh8 39. Rxh8 d1=Q+ 40.
Rxd1 Bf3+ 41. Kxf3 Rxd1 42. Kxg2 Rc1 43. Rc8 Ke7 44. c5 Kd7 45. Rb8 Rc4 46. Rb6
Ke7 47. Kf1 Kf6 48. Ke2 Rxc5 49. Rxb4 Rc3 50. Re4 Ra3 51. Re3 Ra2+ 52. Kf3 e5
53. g4 Ra4 54. Kg3 Ra1 55. f3 Rg1+ 56. Kf2 Ra1 57. Rb3 Kg5 58. Re3 Ra5 59. Re4
Kf6 60. Rb4 Ra3 61. Rb6+ Kf7 62. g5 Rc3 63. g6+ Kg7 64. Re6 Rc2+ 65. Kg3 Re2 66.
Kg4 Re3 67. Kg3 Re1 68. Kf2 Ra1 69. Ke2 Rg1 70. Rxe5 Kxg6 71. Ke3 Ra1 72. Kf4
Ra4+ 73. Re4 Ra1 74. Rb4 Ra6 75. Kg4 Kf6 76. f4 Kg6 77. Rb5 Rc6 78. Rg5+ Kf6 79.
Kh5 Rc1 80. Rb5 Rg1 81. Kh4 Rg2 82. Kh3 Rg1 83. Rb3 Kf5 84. Rf3 Rg7 85. Rg3 Rh7+
86. Kg2 Kxf4 1/2-1/2

[Event "London Chess Classic Women"]
[Site "London ENG"]
[Date "2010.12.12"]
[Round "5"]
[White "Van Weersel, Arlette"]
[Black "Lalic, Susan K"]
[Result "1/2-1/2"]
[WhiteTitle "WIM"]
[BlackTitle "IM"]
[WhiteElo "2186"]
[BlackElo "2294"]
[WhiteFideId "1009877"]
[BlackFideId "401510"]
[EventDate "2010.12.08"]

1. e4 c6 2. d4 d5 3. Nd2 dxe4 4. Nxe4 Bf5 5. Ng3 Bg6 6. h4 h6 7. Nf3 Nd7 8. h5
Bh7 9. Bd3 Bxd3 10. Qxd3 e6 11. Bd2 Ngf6 12. Ne4 Be7 13. O-O-O Nxe4 14. Qxe4 Nf6
15. Qe2 Qd5 16. c4 Qe4 17. Qxe4 Nxe4 18. Be3 Nd6 19. Ne5 Bf6 20. b3 Nf5 21. Ng4
Nxe3 22. fxe3 Bg5 23. Kc2 f5 24. Ne5 O-O 25. Rd3 Rad8 26. Re1 Bf6 27. Nf3 g6 28.
hxg6 Kg7 29. e4 Kxg6 30. b4 Rg8 31. Kb3 Kf7 32. exf5 exf5 33. Re2 Rg4 34. d5 Re4
35. Rf2 b5 36. cxb5 Rxd5 37. Rxd5 cxd5 38. Nd2 Re3+ 39. Ka4 Ke6 40. Nb3 d4 41.
Nc5+ Ke5 42. Nd7+ Ke6 43. Nc5+ Ke5 44. Nd7+ Ke6 45. Nc5+ Ke7 1/2-1/2